Detalles MARC
| 000 -LEADER |
| fixed length control field |
01774nam a2200409Ii 4500 |
| 001 - CONTROL NUMBER |
| control field |
DIGUANDES102 |
| 003 - CONTROL NUMBER IDENTIFIER |
| control field |
NyNyDIG |
| 008 - FIXED-LENGTH DATA ELEMENTS--GENERAL INFORMATION |
| fixed length control field |
160412e201510 ck ob 000 0 spa d |
| 006 - FIXED-LENGTH DATA ELEMENTS--ADDITIONAL MATERIAL CHARACTERISTICS |
| fixed length control field |
m o d |
| 007 - PHYSICAL DESCRIPTION FIXED FIELD--GENERAL INFORMATION |
| fixed length control field |
cr ||||||||||| |
| 020 ## - INTERNATIONAL STANDARD BOOK NUMBER |
| International Standard Book Number |
9789587741049 |
| Qualifying information |
(eBook) |
| 020 ## - INTERNATIONAL STANDARD BOOK NUMBER |
| International Standard Book Number |
9587741048 |
| Qualifying information |
(eBook) |
| 020 ## - INTERNATIONAL STANDARD BOOK NUMBER |
| Canceled/invalid ISBN |
9789587741032 |
| 020 ## - INTERNATIONAL STANDARD BOOK NUMBER |
| Canceled/invalid ISBN |
958774103X |
| 035 ## - SYSTEM CONTROL NUMBER |
| System control number |
(OCoLC)946890624 |
| 040 ## - CATALOGING SOURCE |
| Original cataloging agency |
DGITA |
| Language of cataloging |
eng |
| Description conventions |
rda |
| -- |
pn |
| Transcribing agency |
DGITA |
| 050 14 - LIBRARY OF CONGRESS CALL NUMBER |
| Classification number |
QR63 eBook |
| 100 1# - MAIN ENTRY--PERSONAL NAME |
| Personal name |
Vanegas López, María Consuelo, |
| Relator term |
author. |
| 245 10 - TITLE STATEMENT |
| Title |
Guías para el laboratorio de bacteriología / |
| Statement of responsibility, etc. |
María Consuelo Vanegas López. |
| 250 ## - EDITION STATEMENT |
| Edition statement |
Primera edición. |
| 264 #1 - PRODUCTION, PUBLICATION, DISTRIBUTION, MANUFACTURE, AND COPYRIGHT NOTICE |
| Place of production, publication, distribution, manufacture |
Bogotá, D.C., Colombia : |
| Name of producer, publisher, distributor, manufacturer |
Universidad de los Andes, Facultad de Ciencias, Departamento de Ciencias Biológicas : |
| -- |
Ediciones Uniandes, |
| Date of production, publication, distribution, manufacture, or copyright notice |
octubre del 2015. |
| 300 ## - PHYSICAL DESCRIPTION |
| Extent |
1 online resource |
| 336 ## - CONTENT TYPE |
| Content type term |
text |
| Content type code |
txt |
| Source |
rdacontent |
| 337 ## - MEDIA TYPE |
| Media type term |
computer |
| Media type code |
c |
| Source |
rdamedia |
| 338 ## - CARRIER TYPE |
| Carrier type term |
online resource |
| Carrier type code |
cr |
| Source |
rdacarrier |
| 504 ## - BIBLIOGRAPHY, ETC. NOTE |
| Bibliography, etc. note |
Includes bibliographical references. |
| 588 0# - SOURCE OF DESCRIPTION NOTE |
| Source of description note |
Online resource; title from PDF title page (Digitalia, viewed April 12, 2016) |
| 650 #0 - SUBJECT ADDED ENTRY--TOPICAL TERM |
| Topical term or geographic name entry element |
Bacteriology |
| Form subdivision |
Laboratory manuals. |
| 650 #0 - SUBJECT ADDED ENTRY--TOPICAL TERM |
| Topical term or geographic name entry element |
Microbiology |
| Form subdivision |
Laboratory manuals. |
| 655 #0 - INDEX TERM--GENRE/FORM |
| Genre/form data or focus term |
Electronic books. |
| 776 08 - ADDITIONAL PHYSICAL FORM ENTRY |
| Relationship information |
Print version: |
| Main entry heading |
Vanegas López, María Consuelo. |
| Title |
Guías para el laboratorio de bacteriología. |
| Place, publisher, and date of publication |
Bogotá, D.C., Colombia : Universidad de los Andes, Facultad de Ciencias, Departamento de Ciencias Biológicas : Ediciones Uniandes, 2015. |
| International Standard Book Number |
9789587741032 |
| 793 0# - |
| -- |
Digitalia eBook Collection: |
| -- |
Universidad de los Andes |
| 791 2# - |
| -- |
Digitalia (Firm), |
| -- |
distributor. |
| 856 40 - ELECTRONIC LOCATION AND ACCESS |
| Materials specified |
Digitalia Hispánica |
| Uniform Resource Identifier |
<a href="https://www.digitaliapublishing.com/a/40098/">https://www.digitaliapublishing.com/a/40098/</a> |
| 910 ## - USER-OPTION DATA (OCLC) |
| User-option data |
Premium Collection: 2016 |
| 942 ## - ADDED ENTRY ELEMENTS (KOHA) |
| Koha item type |
Recurso Electrónico |